Ben Stiller - Statistics

General Stats
  • This quiz has been taken 12 times
  • The average score is 3 of 8
Answer Stats
Question Answer % Correct
In what movie did he star as a night guard at a museum where the wax statues and other artwork and display come to life? Night at the Museum
89%
What genre of movies is he most famous for starring in? Comedy
67%
What year was he born in? 1965
56%
How many children does he have? 2
44%
What month was he born in? November
33%
Who died in his family? His mother
22%
What state was he born in? New York
22%
What is his sister's name? Amy
11%
No matching quizzes found
Score Distribution
Percent of People with Each Score
Percentile by Number Answered
Your Score History
You have not taken this quiz